[Event "FICGS class M 000071 email"]
[Site "FICGS email"]
[Date "2015.03.21"]
[Round "1"]
[White "Fric, Lubos"]
[Black "Clement, George"]
[Result "1/2-1/2"]
[WhiteElo "2196"]
[BlackElo "2225"]
[PlyCount "68"]
[EventDate "2015.??.??"]
[EventType "tourn (corr)"]
[EventRounds "6"]
[SourceTitle "Corr 2022"]
[Source "ChessBase"]
[SourceDate "2021.10.24"]
[SourceVersion "1"]
[SourceVersionDate "2021.10.24"]
[SourceQuality "1"]

1. d4 d5 2. c4 e6 3. Nc3 Be7 4. Bf4 Nf6 5. e3 0-0 6. Nf3 Nbd7 7. c5 c6 8. Bd3 Nh5 9. Be5 Nxe5 10. Nxe5 g6 11. f4 f6 12. Nxg6 hxg6 13. Bxg6 Ng7 14. f5 exf5 15. Qf3 Rf7 16. 0-0 Qf8 17. Ne2 Bd7 18. Qg3 Ne6 19. Rxf5 Rg7 20. Rh5 Ng5 21. Nf4 Be8 22. Qh4 Bxg6 23. Rh8+ Kf7 24. Rxf8+ Rxf8 25. Nxg6 Rxg6 26. Qg4 Rh8 27. Qd7 Nf3+ 28. Kf2 Nxh2 29. Rg1 f5 30. Ke2 Re6 31. Rh1 f4 32. Qxb7 Rh4 33. Qc7 Rxe3+ 34. Kd2 Re4 1/2-1/2

[Event "FICGS class M 000071 email"]
[Site "FICGS email"]
[Date "2015.03.21"]
[Round "1"]
[White "Larwinski, Paul"]
[Black "Clement, George"]
[Result "1-0"]
[WhiteElo "2283"]
[BlackElo "2225"]
[PlyCount "125"]
[EventDate "2015.??.??"]
[EventType "tourn (corr)"]
[EventRounds "6"]
[SourceTitle "Corr 2022"]
[Source "ChessBase"]
[SourceDate "2021.10.24"]
[SourceVersion "1"]
[SourceVersionDate "2021.10.24"]
[SourceQuality "1"]

1. d4 d5 2. c4 c6 3. Nf3 Nf6 4. Nc3 dxc4 5. a4 Bf5 6. e3 e6 7. Bxc4 Bb4 8. 0-0 0-0 9. Nh4 Bg6 10. Nxg6 hxg6 11. Qb3 Qb6 12. Bd2 Nbd7 13. Rfd1 a5 14. Rac1 Rad8 15. Nb1 Bxd2 16. Nxd2 Qc7 17. Nf3 Nb6 18. Be2 Nbd5 19. Ne5 Nb4 20. g3 Ra8 21. Nc4 Nd7 22. e4 Nb6 23. Ne5 Rfe8 24. Bf3 Nd7 25. Nc4 Red8 26. Qe3 Nb6 27. b3 Nxc4 28. bxc4 Qe7 29. h4 Rd7 30. Rd2 Rad8 31. e5 f5 32. Bg2 Qf7 33. f4 Qf8 34. Bf3 Qf7 35. Rcd1 Qe8 36. Kg2 Rc7 37. Qe2 Rcd7 38. h5 gxh5 39. Bxh5 g6 40. Bf3 g5 41. Bh5 Qe7 42. g4 Qh7 43. gxf5 Qxf5 44. Qg4 Rg7 45. Qxf5 exf5 46. Kg3 gxf4+ 47. Kf3 b5 48. cxb5 cxb5 49. d5 Rg5 50. d6 Rxh5 51. e6 Rh3+ 52. Kxf4 Kg7 53. e7 Rdh8 54. d7 R3h4+ 55. Ke5 Re4+ 56. Kxf5 Rxe7 57. Rg1+ Kf7 58. Rh1 Rxh1 59. d8Q bxa4 60. Rf2 Rg1 61. Rh2 Rf1+ 62. Kg4 Re4+ 63. Kg3 1-0

[Event "SM-2015-0-00312"]
[Site "LSS email"]
[Date "2015.01.31"]
[Round "?"]
[White "Larwinski, Paul"]
[Black "Clement, George"]
[Result "0-1"]
[WhiteElo "2346"]
[BlackElo "2427"]
[PlyCount "25"]
[EventDate "2014.11.06"]
[EventType "tourn (corr)"]
[EventRounds "6"]
[EventCountry "GER"]
[SourceTitle "Corr 2022"]
[Source "ChessBase"]
[SourceDate "2021.10.24"]
[SourceVersion "1"]
[SourceVersionDate "2021.10.24"]
[SourceQuality "1"]

1. e4 e5 2. Nf3 Nc6 3. Bc4 Nf6 4. d3 Bc5 5. 0-0 0-0 6. c3 d6 7. b4 Bb6 8. Bb3 Ne7 9. a4 a5 10. b5 Ng6 11. Nbd2 c6 12. Nc4 Bc7 13. Re1 0-1

[Event "FICGS class M 000068 email"]
[Site "FICGS email"]
[Date "2014.06.30"]
[Round "1"]
[White "Clement, George"]
[Black "Soszynski, Marek J"]
[Result "1/2-1/2"]
[WhiteElo "2210"]
[BlackElo "2262"]
[PlyCount "32"]
[EventDate "2014.??.??"]
[EventType "tourn (corr)"]
[EventRounds "6"]
[SourceTitle "Corr 2022"]
[Source "ChessBase"]
[SourceDate "2021.10.24"]
[SourceVersion "1"]
[SourceVersionDate "2021.10.24"]
[SourceQuality "1"]

1. e4 e5 2. Nf3 Nc6 3. Bb5 a6 4. Ba4 Nf6 5. 0-0 Be7 6. Nc3 b5 7. Bb3 0-0 8. d3 d6 9. Nd5 Na5 10. Nxe7+ Qxe7 11. Re1 c5 12. Bg5 Nxb3 13. axb3 h6 14. Bd2 Re8 15. Qe2 Bd7 16. h3 Nh5 1/2-1/2

[Event "SM-2014-0-00288"]
[Site "LSS email"]
[Date "2014.04.22"]
[Round "?"]
[White "Clement, George"]
[Black "Steinke, Ruediger"]
[Result "1-0"]
[WhiteElo "2296"]
[BlackElo "2209"]
[PlyCount "143"]
[EventDate "2014.01.30"]
[EventType "tourn (corr)"]
[EventRounds "6"]
[EventCountry "GER"]
[SourceTitle "Corr 2015"]
[Source "ChessBase"]
[SourceDate "2015.07.17"]
[SourceVersion "1"]
[SourceVersionDate "2015.07.17"]
[SourceQuality "1"]

1. Nf3 c5 2. e4 d6 3. d4 cxd4 4. Nxd4 Nf6 5. Nc3 a6 6. Be3 e5 7. Nf3 Be7 8. Bc4 0-0 9. 0-0 Nc6 10. Qe2 Na5 11. Bd3 Be6 12. Na4 Nd7 13. c4 Rc8 14. b3 Nc6 15. Nc3 Nb4 16. Rac1 Nxd3 17. Qxd3 Nc5 18. Qe2 Nd7 19. Rfd1 Rc6 20. Nd5 f5 21. exf5 Bxf5 22. Ne1 Nf6 23. Nxe7+ Qxe7 24. Nc2 Bxc2 25. Rxc2 Qe6 26. Bg5 Qf5 27. Bxf6 Rxf6 28. Rcd2 Qc8 29. h3 Qc7 30. a4 Qb6 31. Rd3 Qc7 32. Rf3 Re6 33. Qe4 Qd7 34. Rfd3 Qc7 35. f4 Qf7 36. f5 Rf6 37. Kh2 h6 38. R1d2 Qh5 39. Rf2 Rc7 40. Rff3 Kh7 41. Rd2 Qg5 42. Rdf2 Qh5 43. Rf1 Kg8 44. Rd1 Qf7 45. g4 g6 46. Rdf1 g5 47. Rd3 Rc6 48. Kg3 Qc7 49. Rd5 Kg7 50. Rfd1 Qb6 51. Qf3 Kh7 52. a5 Qc7 53. Kg2 Kg7 54. Qc3 Kg8 55. Rc1 Rc5 56. Rxc5 Qxc5 57. Rd1 Qa3 58. Rd5 Qa2+ 59. Qd2 Qxb3 60. Rxd6 Rxd6 61. Qxd6 Qe3 62. Qg6+ Kh8 63. Qxh6+ Kg8 64. Qe6+ Kg7 65. Qd7+ Kf6 66. Qd6+ Kg7 67. Qc7+ Kg8 68. Qb8+ Kg7 69. Qxb7+ Kf8 70. Qf3 Qd2+ 71. Qf2 Qxa5 72. Qe3 1-0

[Event "FICGS class M 000065 email"]
[Site "FICGS email"]
[Date "2013.11.29"]
[Round "1"]
[White "Clement, George"]
[Black "Grammatica, Andrea"]
[Result "1/2-1/2"]
[WhiteElo "2260"]
[BlackElo "2229"]
[PlyCount "68"]
[EventDate "2013.??.??"]
[EventType "tourn (corr)"]
[EventRounds "6"]
[SourceTitle "Corr 2022"]
[Source "ChessBase"]
[SourceDate "2021.10.24"]
[SourceVersion "1"]
[SourceVersionDate "2021.10.24"]
[SourceQuality "1"]

1. e4 c5 2. Nf3 e6 3. d4 cxd4 4. Nxd4 Nc6 5. Nc3 Nf6 6. Ndb5 d6 7. Bf4 e5 8. Bg5 a6 9. Na3 b5 10. Bxf6 gxf6 11. Nd5 f5 12. Bd3 Be6 13. 0-0 Bxd5 14. exd5 Ne7 15. Nxb5 Bg7 16. Nc3 e4 17. Bc4 Ng6 18. Qh5 Bxc3 19. bxc3 Qf6 20. Qh6 Rg8 21. Rab1 Qxc3 22. Bxa6 Qg7 23. Qxg7 Rxg7 24. Rb6 Ke7 25. Rfb1 h5 26. a4 Nh4 27. g3 Nf3+ 28. Kh1 h4 29. Be2 Rxa4 30. Bxf3 exf3 31. R6b3 Kf6 32. Rxf3 h3 33. Rc3 Rg8 34. Rc6 Ke5 1/2-1/2

[Event "SM-2013-0-00270"]
[Site "LSS email"]
[Date "2013.09.24"]
[Round "?"]
[White "Clement, George"]
[Black "Zlotkowski, Arkadiusz"]
[Result "1-0"]
[WhiteElo "2296"]
[BlackElo "2200"]
[PlyCount "133"]
[EventDate "2013.08.19"]
[EventType "tourn (corr)"]
[EventRounds "6"]
[EventCountry "GER"]
[SourceTitle "Corr 2015"]
[Source "ChessBase"]
[SourceDate "2015.07.17"]
[SourceVersion "1"]
[SourceVersionDate "2015.07.17"]
[SourceQuality "1"]

1. e4 c5 2. c3 Nf6 3. e5 Nd5 4. Nf3 Nc6 5. Bc4 Nb6 6. Bb3 c4 7. Bc2 Qc7 8. 0-0 Nxe5 9. Nxe5 Qxe5 10. Re1 Qc7 11. a4 e6 12. d3 a6 13. Na3 cxd3 14. Qxd3 Be7 15. a5 Nd5 16. Bb3 Nf6 17. Nc4 Bc5 18. Be3 0-0 19. Nb6 Rb8 20. Bc2 d5 21. Ra4 Bxe3 22. Qxe3 Rd8 23. Rf4 d4 24. Rxd4 Bd7 25. Red1 Bb5 26. c4 Rxd4 27. Qxd4 h6 28. b4 Be8 29. h3 Qe7 30. Qd2 Kf8 31. Ba4 Qc7 32. Qd3 Ke7 33. Bxe8 Kxe8 34. Qf3 Ke7 35. g3 Re8 36. Kg2 Kf8 37. c5 Ke7 38. Rd6 Kf8 39. Qd1 Ke7 40. Qd3 Rb8 41. Nc4 Rd8 42. Rxd8 Qxd8 43. Nd6 Qd7 44. Qf3 e5 45. Kh2 Qc6 46. Qf5 e4 47. Kg1 Qd7 48. Qf4 Qc6 49. Nf5+ Kf8 50. Qb8+ Ne8 51. Nd6 Qd7 52. Kg2 Qc6 53. Kf1 g6 54. Ke1 h5 55. Nxe8 Qxe8 56. Qxb7 Qe5 57. Qxa6 Qc3+ 58. Kf1 Qxb4 59. c6 Qb1+ 60. Kg2 Qc2 61. Qb6 h4 62. gxh4 e3 63. Qxe3 Qxc6+ 64. Kg1 Qa4 65. Qe5 Kg8 66. Qd5 Kg7 67. Kg2 1-0

[Event "FICGS class M 000064 email"]
[Site "FICGS email"]
[Date "2013.07.13"]
[Round "1"]
[White "Clement, George"]
[Black "Bleker, Frits"]
[Result "1/2-1/2"]
[WhiteElo "2245"]
[BlackElo "2312"]
[PlyCount "97"]
[EventDate "2013.??.??"]
[EventType "tourn (corr)"]
[EventRounds "6"]
[SourceTitle "Corr 2022"]
[Source "ChessBase"]
[SourceDate "2021.10.24"]
[SourceVersion "1"]
[SourceVersionDate "2021.10.24"]
[SourceQuality "1"]

1. e4 c5 2. Nf3 d6 3. d4 cxd4 4. Nxd4 Nf6 5. Nc3 a6 6. Bg5 Nbd7 7. a4 Qc7 8. Be2 e6 9. 0-0 Be7 10. a5 Nc5 11. Bf3 0-0 12. Re1 Rb8 13. Qd2 Rd8 14. Be3 h6 15. Ra2 b5 16. axb6 Rxb6 17. Nb3 Rb8 18. Na5 Nb7 19. Ba7 Ra8 20. Nxb7 Bxb7 21. Bd4 d5 22. e5 Ne4 23. Qe3 Bg5 24. Qd3 Bd2 25. Rea1 Nxc3 26. bxc3 Bf4 27. Qe2 Bg5 28. g3 Rdc8 29. c4 Qxc4 30. Qxc4 Rxc4 31. c3 Be7 32. Be2 Rc6 33. Rb1 Rc7 34. Bb6 Rd7 35. Bd4 Bc8 36. Rba1 Rc7 37. Ra5 g5 38. f4 Kg7 39. Rf1 Bd8 40. fxg5 hxg5 41. Ra2 a5 42. Bb6 Rd7 43. Bxd8 Rxd8 44. Rfa1 Rd7 45. Rxa5 Rxa5 46. Rxa5 Rc7 47. Ra3 f6 48. exf6+ Kxf6 49. Bf3 1/2-1/2

[Event "FICGS class M 000064 email"]
[Site "FICGS email"]
[Date "2013.07.13"]
[Round "1"]
[White "Clement, George"]
[Black "Wosch, Arkadiusz Janusz"]
[Result "1/2-1/2"]
[WhiteElo "2245"]
[BlackElo "2205"]
[PlyCount "58"]
[EventDate "2013.??.??"]
[EventType "tourn (corr)"]
[EventRounds "6"]
[SourceTitle "Corr 2022"]
[Source "ChessBase"]
[SourceDate "2021.10.24"]
[SourceVersion "1"]
[SourceVersionDate "2021.10.24"]
[SourceQuality "1"]

1. e4 c5 2. Nf3 Nc6 3. Nc3 e6 4. d4 cxd4 5. Nxd4 Qc7 6. Be3 a6 7. Be2 Nf6 8. 0-0 Bb4 9. Na4 Be7 10. Nxc6 bxc6 11. Nb6 Rb8 12. Nxc8 Qxc8 13. Bd4 c5 14. Be5 Rb6 15. Qd3 d6 16. Bc3 0-0 17. b3 d5 18. e5 Nd7 19. Qg3 Rc6 20. Rab1 c4 21. b4 Rb6 22. a3 a5 23. Bd4 Rb8 24. c3 Bd8 25. f4 Bb6 26. Bxb6 Rxb6 27. Bg4 Qb8 28. Rbe1 Re8 29. Bf3 Qb7 1/2-1/2

[Event "FICGS class M 000064 email"]
[Site "FICGS email"]
[Date "2013.07.13"]
[Round "1"]
[White "Soszynski, Marek J"]
[Black "Clement, George"]
[Result "1/2-1/2"]
[WhiteElo "2236"]
[BlackElo "2245"]
[PlyCount "51"]
[EventDate "2013.??.??"]
[EventType "tourn (corr)"]
[EventRounds "6"]
[SourceTitle "Corr 2022"]
[Source "ChessBase"]
[SourceDate "2021.10.24"]
[SourceVersion "1"]
[SourceVersionDate "2021.10.24"]
[SourceQuality "1"]

1. d4 d5 2. c4 e6 3. Nc3 Be7 4. cxd5 exd5 5. Bf4 c6 6. Qc2 Nf6 7. e3 Nh5 8. Be5 Nd7 9. Be2 Nxe5 10. dxe5 g6 11. Bxh5 gxh5 12. 0-0-0 Qd7 13. e4 Qg4 14. Nge2 dxe4 15. Nxe4 Bf5 16. f4 Kf8 17. Rhg1 Rg8 18. Rdf1 Bxe4 19. Qxe4 Bc5 20. Nd4 Qg6 21. f5 Qg5+ 22. Rf4 Rd8 23. Rd1 Rxd4 24. Rxd4 Bxd4 25. Qxd4 Qxg2 26. Qd8+ 1/2-1/2

[Event "FICGS class M 000063 email"]
[Site "FICGS email"]
[Date "2013.06.19"]
[Round "1"]
[White "Bleker, Frits"]
[Black "Clement, George"]
[Result "1-0"]
[WhiteElo "2313"]
[BlackElo "2227"]
[PlyCount "123"]
[EventDate "2013.??.??"]
[EventType "tourn (corr)"]
[EventRounds "6"]
[SourceTitle "Corr 2022"]
[Source "ChessBase"]
[SourceDate "2021.10.24"]
[SourceVersion "1"]
[SourceVersionDate "2021.10.24"]
[SourceQuality "1"]

1. e4 e5 2. Nf3 Nc6 3. Bb5 a6 4. Ba4 Nf6 5. 0-0 Nxe4 6. d4 b5 7. Bb3 d5 8. dxe5 Be6 9. Nbd2 Nc5 10. c3 Nxb3 11. Nxb3 Be7 12. Nfd4 Nxd4 13. cxd4 a5 14. Qc2 Qd7 15. Bd2 Bf5 16. Qc1 a4 17. Nc5 Qc6 18. Bb4 Qg6 19. Qd2 0-0 20. Rae1 Rfe8 21. Re3 Qh6 22. Qe2 Qf4 23. Rd1 Bg4 24. f3 Bf5 25. Rc3 c6 26. a3 Ra7 27. g3 Qh6 28. Nd3 Bxd3 29. Qxd3 Bxb4 30. axb4 Rc7 31. Qc2 Qe6 32. f4 f6 33. f5 Qd7 34. Re1 fxe5 35. dxe5 Qe7 36. Rc5 Rf8 37. Qd3 g6 38. fxg6 Qe6 39. gxh7+ Rxh7 40. Rec1 Rc8 41. Qd4 Rh5 42. Re1 Rg5 43. Rc2 Rf8 44. Rce2 Rg4 45. Qc5 Rg5 46. Qd6 Re8 47. Kg2 Kh7 48. h3 Qxd6 49. exd6 Rxe2+ 50. Rxe2 d4 51. Kf3 Rd5 52. Ke4 Rxd6 53. Rd2 Kg7 54. g4 Rh6 55. Rh2 Rd6 56. h4 d3 57. Rd2 Re6+ 58. Kxd3 Re1 59. Kd4 Rg1 60. Kc5 Rxg4 61. Rd4 Rg2 62. Kxc6 1-0

[Event "FICGS class M 000063 email"]
[Site "FICGS email"]
[Date "2013.06.19"]
[Round "1"]
[White "Gray, Garvin"]
[Black "Clement, George"]
[Result "1/2-1/2"]
[WhiteElo "2317"]
[BlackElo "2227"]
[PlyCount "51"]
[EventDate "2013.??.??"]
[EventType "tourn (corr)"]
[EventRounds "6"]
[SourceTitle "Corr 2022"]
[Source "ChessBase"]
[SourceDate "2021.10.24"]
[SourceVersion "1"]
[SourceVersionDate "2021.10.24"]
[SourceQuality "1"]

1. d4 d5 2. c4 dxc4 3. e3 Nf6 4. Bxc4 e6 5. Nf3 c5 6. 0-0 a6 7. dxc5 Qxd1 8. Rxd1 Bxc5 9. Be2 0-0 10. b3 Nbd7 11. Bb2 b5 12. Nbd2 Bb7 13. a4 bxa4 14. Rxa4 Nb6 15. Raa1 a5 16. Ne5 Rfd8 17. Rac1 Rac8 18. Nd3 Ba6 19. Nf3 Bf8 20. Nfe5 Rxc1 21. Nxc1 Rxd1+ 22. Bxd1 Bb5 23. Bd4 Nbd5 24. f3 Ba3 25. Ncd3 Nd7 26. Nxd7 1/2-1/2

[Event "ST-2013-0-00107"]
[Site "LSS email"]
[Date "2013.06.16"]
[Round "?"]
[White "Frendzas, Panayotis"]
[Black "Clement, George"]
[Result "1/2-1/2"]
[WhiteElo "2414"]
[BlackElo "2493"]
[PlyCount "103"]
[EventDate "2012.09.15"]
[EventType "tourn (corr)"]
[EventRounds "6"]
[EventCountry "GER"]
[SourceTitle "Corr 2022"]
[Source "ChessBase"]
[SourceDate "2021.10.24"]
[SourceVersion "1"]
[SourceVersionDate "2021.10.24"]
[SourceQuality "1"]

1. d4 Nf6 2. c4 e6 3. Nc3 Bb4 4. e3 b6 5. Nge2 c5 6. a3 Ba5 7. Rb1 Na6 8. g3 cxd4 9. exd4 Bb7 10. d5 Bxc3+ 11. Nxc3 0-0 12. Bg2 Qc7 13. Qd4 Rac8 14. b3 exd5 15. 0-0 dxc4 16. Nb5 Qb8 17. Bxb7 Qxb7 18. Nd6 Qd5 19. Qxd5 Nxd5 20. Nxc8 Rxc8 21. bxc4 Rxc4 22. Bb2 f6 23. Rbc1 Rxc1 24. Rxc1 Kf7 25. Rc8 Ne7 26. Rh8 h6 27. f4 Nc5 28. Ra8 Nc6 29. Kf1 Na4 30. Bc1 Nc3 31. Ke1 b5 32. Be3 a5 33. Bd2 Nb1 34. Bxa5 Nxa3 35. Bc3 b4 36. Ke2 Nb5 37. Bd2 b3 38. Bc1 Ke6 39. Kd2 Kd5 40. Rg8 g5 41. Rg7 d6 42. Bb2 gxf4 43. gxf4 f5 44. Rh7 Na5 45. Rxh6 Nc4+ 46. Kc1 Ke4 47. Rh8 d5 48. Rb8 Nbd6 49. Rxb3 Kxf4 50. Bd4 Ke4 51. Bg1 f4 52. h4 1/2-1/2

[Event "ST-2013-0-00108"]
[Site "LSS email"]
[Date "2013.05.19"]
[Round "?"]
[White "Clement, George"]
[Black "Claridge, John"]
[Result "1/2-1/2"]
[WhiteElo "2488"]
[BlackElo "2412"]
[PlyCount "39"]
[EventDate "2012.11.15"]
[EventType "tourn (corr)"]
[EventRounds "6"]
[EventCountry "GER"]
[SourceTitle "Corr 2022"]
[Source "ChessBase"]
[SourceDate "2021.10.24"]
[SourceVersion "1"]
[SourceVersionDate "2021.10.24"]
[SourceQuality "1"]

1. e4 c5 2. Nf3 d6 3. d4 cxd4 4. Nxd4 Nf6 5. Nc3 a6 6. Be2 e6 7. 0-0 Be7 8. Qd3 0-0 9. Qg3 Kh8 10. Be3 b5 11. Bf3 b4 12. Na4 e5 13. Nf5 Bxf5 14. exf5 e4 15. Be2 Nc6 16. Rad1 d5 17. Bb6 Qd7 18. Qc7 Qe8 19. Qg3 Qd7 20. Qc7 1/2-1/2

[Event "ST-2013-0-00108"]
[Site "LSS email"]
[Date "2013.05.06"]
[Round "?"]
[White "Clement, George"]
[Black "Walczak, Piotr"]
[Result "1/2-1/2"]
[WhiteElo "2488"]
[BlackElo "2378"]
[PlyCount "67"]
[EventDate "2012.11.15"]
[EventType "tourn (corr)"]
[EventRounds "6"]
[EventCountry "GER"]
[SourceTitle "Corr 2022"]
[Source "ChessBase"]
[SourceDate "2021.10.24"]
[SourceVersion "1"]
[SourceVersionDate "2021.10.24"]
[SourceQuality "1"]

1. Nf3 Nf6 2. c4 e6 3. d4 Bb4+ 4. Bd2 Qe7 5. g3 Bxd2+ 6. Qxd2 Nc6 7. Nc3 d5 8. Bg2 dxc4 9. Rd1 0-0 10. Ne5 Nxe5 11. dxe5 Nd7 12. Qd4 Qb4 13. Rd2 a5 14. 0-0 Qb6 15. f4 a4 16. Rc1 Ra5 17. Qxb6 Nxb6 18. Nb1 g5 19. e3 gxf4 20. exf4 Bd7 21. Na3 Bc6 22. Bxc6 bxc6 23. Nxc4 Rc5 24. Rdc2 Nd5 25. Nd2 Rxc2 26. Rxc2 Rb8 27. Ne4 Nb4 28. Rd2 Nxa2 29. Nc5 Rb4 30. Na6 Rb7 31. Kf2 Kg7 32. Nc5 Rb4 33. Na6 Rb7 34. Nc5 1/2-1/2

[Event "FICGS class M 000062 email"]
[Site "FICGS email"]
[Date "2013.05.01"]
[Round "1"]
[White "Clement, George"]
[Black "Soszynski, Marek J"]
[Result "1/2-1/2"]
[WhiteElo "2227"]
[BlackElo "2205"]
[PlyCount "38"]
[EventDate "2013.??.??"]
[EventType "tourn (corr)"]
[EventRounds "6"]
[SourceTitle "Corr 2022"]
[Source "ChessBase"]
[SourceDate "2021.10.24"]
[SourceVersion "1"]
[SourceVersionDate "2021.10.24"]
[SourceQuality "1"]

1. e4 e5 2. Nf3 Nc6 3. Nc3 Nf6 4. Bb5 Bc5 5. 0-0 0-0 6. Nxe5 Nxe5 7. d4 Bd6 8. f4 Neg4 9. e5 Be7 10. h3 d6 11. Be2 dxe5 12. fxe5 Nxe5 13. dxe5 Nd7 14. Bf4 c6 15. Ne4 Qa5 16. Qd4 Nc5 17. Bd2 Ne6 18. Qc3 Qd5 19. Nd6 Bxd6 1/2-1/2

[Event "FICGS class M 000061 email"]
[Site "FICGS email"]
[Date "2013.03.05"]
[Round "1"]
[White "Clement, George"]
[Black "Tsygankov, Evgeny Georgievich"]
[Result "1/2-1/2"]
[WhiteElo "2246"]
[BlackElo "2346"]
[PlyCount "82"]
[EventDate "2013.??.??"]
[EventType "tourn (corr)"]
[EventRounds "6"]
[SourceTitle "Corr 2022"]
[Source "ChessBase"]
[SourceDate "2021.10.24"]
[SourceVersion "1"]
[SourceVersionDate "2021.10.24"]
[SourceQuality "1"]

1. e4 c5 2. c3 Nf6 3. e5 Nd5 4. Nf3 Nc6 5. d4 cxd4 6. cxd4 d6 7. Bc4 dxe5 8. dxe5 Ndb4 9. Qb3 e6 10. 0-0 Na5 11. Bb5+ Bd7 12. Qa4 Bxb5 13. Qxb5+ Nac6 14. Nc3 a6 15. Qc4 Qd3 16. Qg4 h5 17. Qh4 Qf5 18. Bg5 Nxe5 19. Nxe5 Qxe5 20. Rad1 Qc7 21. Ne4 Nc6 22. Rd2 Bb4 23. Rd3 Be7 24. Rfd1 f6 25. Bf4 e5 26. Qg3 Kf8 27. Be3 Rd8 28. Rxd8+ Nxd8 29. Qg6 Qc8 30. h3 Ne6 31. h4 Nd4 32. Bxd4 Rh6 33. Qg3 exd4 34. Qf4 Qd7 35. Ng3 Rg6 36. Rxd4 Qc6 37. Kh2 Rg4 38. Qb8+ Kf7 39. Rxg4 hxg4 40. Qf4 Qe6 41. Nf5 Bf8 1/2-1/2

[Event "FICGS class M 000061 email"]
[Site "FICGS email"]
[Date "2013.03.05"]
[Round "1"]
[White "Kolomytchenko, Igor"]
[Black "Clement, George"]
[Result "1/2-1/2"]
[WhiteElo "2099"]
[BlackElo "2246"]
[PlyCount "57"]
[EventDate "2013.??.??"]
[EventType "tourn (corr)"]
[EventRounds "6"]
[SourceTitle "Corr 2022"]
[Source "ChessBase"]
[SourceDate "2021.10.24"]
[SourceVersion "1"]
[SourceVersionDate "2021.10.24"]
[SourceQuality "1"]

1. e4 e5 2. Nf3 Nc6 3. Bb5 Nf6 4. 0-0 Nxe4 5. d4 Nd6 6. Bxc6 dxc6 7. dxe5 Nf5 8. Qxd8+ Kxd8 9. Nc3 Ke8 10. Rd1 h6 11. h3 Be7 12. Ne2 b6 13. Bf4 g5 14. Bh2 c5 15. Nc3 Bb7 16. Nd5 Bxd5 17. Rxd5 h5 18. Re1 Rd8 19. Rxd8+ Bxd8 20. c3 g4 21. hxg4 hxg4 22. Nd2 Kd7 23. Ne4 Be7 24. Bf4 Ng7 25. g3 Ne6 26. Kg2 Kc6 27. Nd2 b5 28. Nf1 Bg5 29. Be3 1/2-1/2

[Event "ST-2013-0-00108"]
[Site "LSS email"]
[Date "2013.02.26"]
[Round "?"]
[White "Clement, George"]
[Black "Schrancz, Istvan"]
[Result "1/2-1/2"]
[WhiteElo "2488"]
[BlackElo "2110"]
[PlyCount "46"]
[EventDate "2012.11.15"]
[EventType "tourn (corr)"]
[EventRounds "6"]
[EventCountry "GER"]
[SourceTitle "Corr 2022"]
[Source "ChessBase"]
[SourceDate "2021.10.24"]
[SourceVersion "1"]
[SourceVersionDate "2021.10.24"]
[SourceQuality "1"]

1. e4 e5 2. Nf3 Nc6 3. Nc3 Nf6 4. Bb5 Bd6 5. 0-0 0-0 6. d3 h6 7. Be3 Re8 8. Ba4 Bf8 9. Nd5 a6 10. c4 Rb8 11. Rc1 b5 12. cxb5 axb5 13. Bb3 Bb7 14. a3 b4 15. a4 Bd6 16. Nxf6+ Qxf6 17. Bd5 Na5 18. Bxb7 Rxb7 19. Nd2 b3 20. Nc4 Bb4 21. Qg4 Nxc4 22. Rxc4 Qe6 23. h3 Ra8 1/2-1/2

[Event "FICGS class M 000060 email"]
[Site "FICGS email"]
[Date "2012.12.01"]
[Round "1"]
[White "Kuhne, Detlev"]
[Black "Clement, George"]
[Result "1/2-1/2"]
[WhiteElo "2219"]
[BlackElo "2230"]
[PlyCount "96"]
[EventDate "2012.??.??"]
[EventType "tourn (corr)"]
[EventRounds "6"]
[SourceTitle "Corr 2022"]
[Source "ChessBase"]
[SourceDate "2021.10.24"]
[SourceVersion "1"]
[SourceVersionDate "2021.10.24"]
[SourceQuality "1"]

1. Nf3 Nf6 2. c4 c5 3. Nc3 Nc6 4. d4 cxd4 5. Nxd4 d6 6. e4 g6 7. Be2 Nxd4 8. Qxd4 Bg7 9. Be3 0-0 10. Qd2 Be6 11. 0-0 Qa5 12. b3 Rfe8 13. Rac1 Rac8 14. Rc2 Nd7 15. f3 b6 16. Rb1 Ne5 17. b4 Qa3 18. Nd5 Bxd5 19. exd5 e6 20. dxe6 Rxe6 21. Bf2 Qa4 22. f4 Nd7 23. Bg4 Re7 24. Qd3 Rce8 25. Qb3 Qxb3 26. axb3 Nf6 27. Bf3 Ne4 28. Bh4 Re6 29. Rd1 Nc3 30. Rd3 Re3 31. Rcd2 Rxd3 32. Rxd3 Re6 33. Bg3 Na2 34. f5 gxf5 35. Rxd6 Rxd6 36. Bxd6 Bf8 37. Bb8 Nxb4 38. Bxa7 Bc5+ 39. Kf1 Kf8 40. Bb8 Ke7 41. Bf4 Nc2 42. g3 Nd4 43. Bd1 Ke6 44. Kg2 Bd6 45. Be3 Ke5 46. Bf4+ Ke6 47. Be3 Ke5 48. Bf4+ Ke6 1/2-1/2